000 00389nam a2200169Ia 4500
001 22606
005 20260414150842.0
008 260414t2010||||xx |||||||||||||| ||spa||
041 _aESP
082 _a621.38216
_bG86
100 _aGuerrero, Vicente
_eAUT
245 0 _aComunicaciones industriales
_b
260 _c2010
650 _aTCA
654 _aCET
942 _cLIB
_dJUS
_fJUS
_2ddc
_n
999 _c22606
_d22606